00716nam a2200205Ia 4500001001000000003000500010008004100015010001100056040000900067082002400076111010900100245005900209260003900268300001100307650003800318650004000356700003900396700003300435700004200468Para_8403CHAP220125s2002 xx 000 0 und d a207246 cCHAP aPA 632.7063 S5 2002 aSimposio Nacional de Parasitología Agrícola "Dr. Silverio Flores Cáceres" (28:2002:Acapulco, Gro.) aMemoria /c por Ingenieros Agrónomos Parasitólogos aAcapulco, Gro. :b La asociación a265 p. aAgricultura x plagasxCongresos  aCultivos x enfermedadesxcongresos aBolaños Espinoza, Andrés, ed.  aMendoza Zamora, Cecilio, ed. aOsada Velázquez, Horacio Koji, ed.